Modrá, nikoli zelená planeta co je ohroženo: klima, nebo svoboda?

Saved in:
Bibliographic Details
Main Author: Klaus, Václav
Format: Book
Language:Czech
Published: Praha Dokořán 2009
Edition:2. rozšíř. vyd.
Subjects:
Tags: Add Tag
No Tags, Be the first to tag this record!

MARC

LEADER 00000nam a2200000 4500
001 0121437
005 20240313090133.3
020 |a 978-80-7363-243-4 
041 0 |a cze 
044 |a CZ 
245 1 0 |a Modrá, nikoli zelená planeta  |b co je ohroženo: klima, nebo svoboda?  |c Václav Klaus 
250 |a 2. rozšíř. vyd. 
264 1 |a Praha  |b Dokořán  |c 2009 
610 2 0 |a podnebie 
610 2 0 |a ochrana prostredia životného 
610 2 0 |a environmentalistika 
610 2 0 |a politika 
610 2 0 |a ekológia 
610 2 0 |a kritika 
610 2 0 |a efekt skleníkový 
610 2 0 |a zmeny klimatické 
610 2 0 |a Klaus, V. 
100 1 |a Klaus, Václav